[Event "VIE-ch"]
[Site "Ho Chi Minh City"]
[Date "2019.05.05"]
[Round "3"]
[White "Le, Huu Thai"]
[Black "Nguyen, Anh Dung"]
[Result "0-1"]
[WhiteElo "2237"]
[BlackElo "2470"]
[PlyCount "110"]
[EventDate "2019.05.02"]
[EventType "swiss"]
[EventRounds "9"]
[EventCountry "VIE"]
[SourceTitle "CBM 190 Extra"]
[Source "ChessBase"]
[SourceDate "2019.07.15"]
[SourceVersion "1"]
[SourceVersionDate "2019.07.15"]
[SourceQuality "1"]

1. d4 Nf6 2. c4 e6 3. g3 d5 4. Nf3 dxc4 5. Qa4+ Bd7 6. Qxc4 Bc6 7. Bg2 Nbd7 8. 0-0 Bd6 9. Nc3 0-0 10. Qd3 Bb4 11. Re1 h6 12. Bf4 Rc8 13. Rad1 Bxc3 14. bxc3 Be4 15. Qb5 Nd5 16. Bd2 c5 17. Ne5 Nxe5 18. Bxe4 cxd4 19. cxd4 Nc4 20. Qxb7 Nd6 21. Qb1 Rb8 22. Qd3 Nxe4 23. Qxe4 Rb2 24. a4 Qd7 25. a5 Rc8 26. Qd3 Rcc2 27. e4 Nf6 28. Bc3 Ra2 29. Rd2 Qa4 30. Rxc2 Rxc2 31. Rb1 Ng4 32. Rb8+ Kh7 33. e5+ g6 34. Qf3 Rxf2 35. Qxg4 Qc2 36. Rb2 Rg2+ 37. Kf1 Rf2+ 38. Ke1 Qxc3+ 39. Kxf2 Qxb2+ 40. Kg1 Qa1+ 41. Kf2 Qxa5 42. Qf4 Qc7 43. Qd2 a5 44. Ke3 a4 45. Qb4 Qc1+ 46. Ke2 Qc2+ 47. Ke1 Qxh2 48. Qxa4 Qxg3+ 49. Ke2 Qf4 50. Qc4 h5 51. Qd3 h4 52. Qc3 Kg7 53. Qd3 g5 54. Qc3 g4 55. Qb4 h3 0-1

[Event "VIE-ch"]
[Site "Ho Chi Minh City"]
[Date "2019.05.02"]
[Round "2"]
[White "Nguyen, Anh Dung"]
[Black "Tran, Dang Minh Quang"]
[Result "1-0"]
[WhiteElo "2470"]
[BlackElo "2033"]
[PlyCount "81"]
[EventDate "2019.05.02"]
[EventType "swiss"]
[EventRounds "9"]
[EventCountry "VIE"]
[SourceTitle "CBM 190 Extra"]
[Source "ChessBase"]
[SourceDate "2019.07.15"]
[SourceVersion "1"]
[SourceVersionDate "2019.07.15"]
[SourceQuality "1"]

1. d4 d5 2. c4 c6 3. Nf3 Nf6 4. Nc3 e6 5. Bg5 dxc4 6. e4 b5 7. e5 h6 8. Bh4 g5 9. Nxg5 hxg5 10. Bxg5 Nbd7 11. exf6 Bb7 12. g3 Qb6 13. Bg2 0-0-0 14. 0-0 c5 15. d5 b4 16. Na4 Qa5 17. dxe6 Bxg2 18. Kxg2 Ne5 19. Qe2 Qxa4 20. Qxe5 Qc6+ 21. f3 Rd5 22. Qe4 Qxe6 23. Qxe6+ fxe6 24. h4 Kd7 25. Rac1 Rd4 26. Be3 Rd3 27. Kf2 Bd6 28. Rxc4 Bxg3+ 29. Kxg3 Rxe3 30. Rxc5 Rd3 31. Rfc1 Rf8 32. Rc7+ Kd6 33. Rc8 Rf7 34. Rd8+ Rd7 35. Rxd7+ Kxd7 36. h5 Rd5 37. Rh1 Rg5+ 38. Kf4 Rf5+ 39. Kg4 Rxf6 40. h6 Rg6+ 41. Kh5 1-0

[Event "Ho Chi Minh City HD Bank op 9th"]
[Site "Ho Chi Minh City"]
[Date "2019.03.13"]
[Round "9"]
[White "Miciano, John Marvin"]
[Black "Nguyen, Anh Dung"]
[Result "0-1"]
[WhiteElo "2317"]
[BlackElo "2458"]
[PlyCount "86"]
[EventDate "2019.03.07"]
[EventType "swiss"]
[EventRounds "9"]
[EventCountry "VIE"]
[SourceTitle "CBM 189 Extra"]
[Source "ChessBase"]
[SourceDate "2019.05.31"]
[SourceVersion "1"]
[SourceVersionDate "2019.05.31"]
[SourceQuality "1"]

1. d4 d5 2. c4 c6 3. e3 Nf6 4. Nf3 Bf5 5. Nh4 Bxb1 6. Rxb1 e6 7. Bd2 Ne4 8. Nf3 Nd7 9. Bd3 Bd6 10. Qb3 Nxd2 11. Nxd2 Rb8 12. 0-0 0-0 13. e4 dxe4 14. Bxe4 e5 15. dxe5 Nxe5 16. Nf3 Qf6 17. g3 g6 18. Kg2 Rfd8 19. Qc3 Kg7 20. Rbd1 Nxf3 21. Qxf6+ Kxf6 22. Bxf3 a5 23. b3 Bc5 24. Be4 Re8 25. Bd3 Rbd8 26. Kf3 Bb4 27. h4 Rd4 28. a4 Red8 29. Ke2 h5 30. Ke3 R8d6 31. Ke2 Ke7 32. Ke3 Bc5 33. Ke2 Bb4 34. Ke3 Kd8 35. Be2 Bd2+ 36. Kf3 Kc7 37. Rb1 Kb6 38. Rb2 Kc5 39. Rfb1 Bb4 40. Rc2 Rd2 41. Rbb2 Bc3 42. Rxd2 Bxd2 43. Bd1 Bc1 0-1

[Event "Ho Chi Minh City HD Bank op 9th"]
[Site "Ho Chi Minh City"]
[Date "2019.03.12"]
[Round "8"]
[White "Nguyen, Anh Dung"]
[Black "Chu, Wei Chao"]
[Result "1-0"]
[WhiteElo "2458"]
[BlackElo "2373"]
[PlyCount "71"]
[EventDate "2019.03.07"]
[EventType "swiss"]
[EventRounds "9"]
[EventCountry "VIE"]
[SourceTitle "CBM 189 Extra"]
[Source "ChessBase"]
[SourceDate "2019.05.31"]
[SourceVersion "1"]
[SourceVersionDate "2019.05.31"]
[SourceQuality "1"]

1. e4 c5 2. Nf3 d6 3. d4 cxd4 4. Nxd4 Nf6 5. Nc3 a6 6. Be2 e5 7. Nb3 Be7 8. Bg5 Be6 9. Bxf6 Bxf6 10. Qd3 Nc6 11. 0-0-0 Nd4 12. Nxd4 exd4 13. Nd5 Bxd5 14. exd5 0-0 15. Qf3 Qa5 16. Kb1 Rfe8 17. Bd3 Re5 18. h4 Qxd5 19. Qh3 Rae8 20. g4 Bd8 21. g5 Ba5 22. a3 Qc5 23. h5 Bc3 24. g6 Qb6 25. b3 Qc7 26. Qf3 h6 27. Bc4 d5 28. Bxd5 Kh8 29. gxf7 Rf8 30. Rhg1 Qe7 31. Rg6 Re1 32. b4 Qe5 33. Rg1 Re2 34. Rxg7 Kxg7 35. Rg1+ Kh7 36. Qd3+ 1-0

[Event "Ho Chi Minh City HD Bank op 9th"]
[Site "Ho Chi Minh City"]
[Date "2019.03.11"]
[Round "7"]
[White "Wen, Yang"]
[Black "Nguyen, Anh Dung"]
[Result "1-0"]
[WhiteElo "2599"]
[BlackElo "2458"]
[PlyCount "61"]
[EventDate "2019.03.07"]
[EventType "swiss"]
[EventRounds "9"]
[EventCountry "VIE"]
[SourceTitle "CBM 189 Extra"]
[Source "ChessBase"]
[SourceDate "2019.05.31"]
[SourceVersion "1"]
[SourceVersionDate "2019.05.31"]
[SourceQuality "1"]

1. e4 e5 2. Nf3 Nc6 3. Bc4 Bc5 4. d3 Nf6 5. 0-0 d6 6. c3 h6 7. Nbd2 a6 8. a4 0-0 9. h3 Ba7 10. Re1 Ne7 11. Bb3 Ng6 12. d4 Re8 13. Bc2 Be6 14. Nf1 Nh7 15. Be3 Ng5 16. Ng3 Qf6 17. Nh2 Nf4 18. Ng4 Bxg4 19. Qxg4 Nge6 20. Rad1 g6 21. Nf1 h5 22. Qg3 Bb6 23. h4 Rad8 24. Nh2 Kh7 25. Nf3 Rg8 26. Bb3 g5 27. Bxe6 gxh4 28. Bf5+ Qxf5 29. Qxg8+ Rxg8 30. exf5 Nxg2 31. Ng5+ 1-0